Country to Capital Letter C - Statistics

General Stats
  • This quiz has been taken 15 times
  • The average score is 13 of 17
Answer Stats
Hint Answer % Correct
China Beijing
100%
Canada Ottawa
100%
Colombia Bogota
92%
Cuba Havana
92%
Cyprus Nicosia
92%
Cambodia Phnom Penh
92%
Czech Republic Prague
92%
Chile Santiago
92%
Croatia Zagreb
85%
Congo, Democratic republic of the Kinshasa
77%
Costa rica San Jose
77%
Congo, Republic of the Brazzaville
69%
Chad N'Djamena
62%
Cameroon Yaounde
62%
Central African Republic Bangui
54%
Cape Verde Praia
54%
Comoros Moroni
38%
No matching quizzes found
Score Distribution
Percent of People with Each Score
Percentile by Number Answered
Your Score History
You have not taken this quiz